| 000 | 00000nam##2200000za#4500 |
| 001 | 9.558341 |
| 003 | CaOODSP |
| 005 | 20230131161132 |
| 007 | cr ||||||||||| |
| 008 | 150406|2003||||xxc|||||o f|0| 0 eng|d |
| 020 | |a0-662-33533-3 |
| 040 | |aCaOODSP|beng |
| 043 | |an-cn--- |
| 086 | 1 |aM44-2003/C11E-IN |
| 110 | 2 |aGeological Survey of Canada. |
| 245 | 10|aField procedures and results of groundwater sampling in kimberlite from drillholes in the Kirkland Lake and Lake Timiskaming areas, northeastern Ontario / |h[electronic resource]|c[by] J.A. Sader, M.I. Leybourne, M.B. McClenaghan, S.M. Hamilton, and K. Robertson. |
| 260 | |aOttawa - Ontario : |bNatural Resources Canada. |cc2003. |
| 300 | |a11p.|bgraphs, maps, references |
| 490 | 1 |aCurrent research 2003|v2003-C11 |
| 546 | |a(Résumé en français.) |
| 590 | |a14-09-Supp|b2014-04-23 |
| 830 | #0|aCurrent research (Geological Survey of Canada)|v2003-C11|w(CaOODSP)9.506236 |
| 856 | 40|ahttp://publications.gc.ca|qPDF|s489 KB|uhttps://publications.gc.ca/collections/collection_2013/rncan-nrcan/M44-2003-C11-eng.pdf|y2003-C11 |